Simultaneous versus sequential move structures in principal-agent models

Salvato in:
Dettagli Bibliografici
Autore principale: Beggs, Alan
Altri autori: Banerjee, Anindya
Natura: Libro
Lingua:inglese
Pubblicazione: San Domenico (FI) European University Institute 1998
Serie:EUI Working paper ECO No. 98/27
Soggetti:
Tags: Aggiungi Tag
Nessun Tag, puoi essere il primo ad aggiungerne!!

MARC

LEADER 00000nam a2200000 4500
001 c133246
005 20221109094404.4
041 0 |a eng 
044 |a IT 
245 1 0 |a Simultaneous versus sequential move structures in principal-agent models  |c Alan Beggs and Anindya Banerjee 
264 1 |a San Domenico (FI)  |b European University Institute  |c 1998 
300 |a 27 s. 
490 1 |a EUI Working paper ECO  |v No. 98/27 
830 0 |a EUI Working paper ECO  |v No. 98/27 
610 2 0 |a modelovanie ekonometrické 
610 2 0 |a rovnováha hospodárska 
100 1 |a Beggs, Alan 
700 1 |a Banerjee, Anindya